Central Library OPAC University of Rajshahi

The geography of plants / (Record no. 55706)

MARC details
000 -LEADER
fixed length control field 00653nam a2200229 a 4500
001 - CONTROL NUMBER
control field 55706
003 - CONTROL NUMBER IDENTIFIER
rucl marc code BD-RjUL
005 - DATE AND TIME OF LATEST TRANSACTION
control field 20211209080314.0
008 - FIXED-LENGTH DATA ELEMENTS--GENERAL INFORMATION
fixed length control field 161121r1952 enka|||| |||| 001 0 eng d
035 ## - SYSTEM CONTROL NUMBER
System control number (BD-RjUL)55830
040 ## - CATALOGING SOURCE
Original cataloging agency BD-RjUL
Language of cataloging eng
Transcribing agency BD-RjUL
041 ## - LANGUAGE CODE
Language code of text/sound track or separate title eng
082 ## - DEWEY DECIMAL CLASSIFICATION NUMBER
Edition number 23
Classification number 581.9
Author mark and year HAG 1952
100 ## - MAIN ENTRY--PERSONAL NAME
Personal name Hardy, M. E.
9 (RLIN) 165919
245 ## - TITLE STATEMENT
Title The geography of plants /
Statement of responsibility, etc. M. E. Hardy
260 ## - PUBLICATION, DISTRIBUTION, ETC. (IMPRINT)
Place of publication, distribution, etc. Oxford :
Name of publisher, distributor, etc. At the clarendon press,
Date of publication, distribution, etc. c1920 [Reprinted 1952]
300 ## - PHYSICAL DESCRIPTION
Pagination xii, 327 p. :
Illustrations ill. ;
Size 17 cm.
500 ## - GENERAL NOTE
General note Includes index
650 ## - SUBJECT ADDED ENTRY--TOPICAL TERM
Topical term or geographic name as entry element Phytogeography
9 (RLIN) 159204
Topical term or geographic name as entry element Plant ecology
9 (RLIN) 135339
942 ## - ADDED ENTRY ELEMENTS (KOHA)
Source of classification or shelving scheme Dewey Decimal Classification
Koha item type Books
Holdings
Lost status Source of classification or shelving scheme Damaged status Not for loan Collection code Permanent Location Current Location Shelving location Date acquired Source of acquisition Cost, normal purchase price Total Checkouts Full call number Date last seen Date checked out Copy number Koha item type
  Dewey Decimal Classification     Non-fiction Central Library, University of Rajshahi Central Library, University of Rajshahi   07/03/1956 B.H. Blackwell 12.60 1 581.9 HAG 1952 12/04/2022 10/04/2022 C-2 Books
  Dewey Decimal Classification   Not For Loan Non-fiction Central Library, University of Rajshahi Central Library, University of Rajshahi Reading Room 07/03/1956 Publishers Ltd. 12.30   581.9 HAG 1952 05/06/2017   C-1 Books